000 01547nam a2200361 a 4500
001 vtls003159716
003 MY-SjTCS
005 20200226113407.0
006 m u
007 cr cn|||||||||
008 100712s1997 hiuab sb 001 0 eng
010 _z 97-000789
020 _z082481682X (cloth : acid-free paper)
020 _z0824819349 (paper : acid-free paper)
035 _a(CaPaEBR)ebr5004369
039 9 _y201007121333
_zVLOAD
040 _aCaPaEBR
_cCaPaEBR
050 1 4 _aHD7387.55.A3
_bH65 1997eb
082 0 4 _a363.5/099
_221
245 0 0 _aHome in the islands
_h[electronic resource] :
_bhousing and social change in the Pacific /
_cedited by Jan Rensel and Margaret Rodman.
260 _aHonolulu, Hawaii :
_bUniversity of Hawai'i Press,
_cc1997.
300 _avii, 264 p. :
_bill., maps ;
_c24 cm.
504 _aIncludes bibliographical references (p. 235-247) and index.
529 _aTSLHHL
533 _aElectronic reproduction.
_bPalo Alto, Calif. :
_cebrary,
_d2005.
_nAvailable via World Wide Web.
_nAccess may be limited to ebrary affiliated libraries.
650 0 _aHousing
_zPacific Area
_vCase studies.
651 0 _aPacific Area
_xSocial conditions
_vCase studies.
655 7 _aElectronic books.
_2local
700 1 _aRensel, Jan,
_d1951-
700 1 _aRodman, Margaret,
_d1947-
710 2 _aebrary, Inc.
_925628
856 4 0 _uhttps://ezproxy.taylors.edu.my/login?url=http://site.ebrary.com/lib/taylorscollege/Doc?id=5004369
_zAn electronic book accessible through the World Wide Web; click to view
999 _c108230